Statistiken für Bremen - Quiz

Klicken Sie hier um das Quiz zu spielen!

Allgemein

  • Dieses Quiz wurde 4.883 mal gespielt
  • Das Durchschnittsergebnis liegt bei 10 aus 20

Antwortstatistiken

HinweisAntwort% Korrekt
Zweitgrößte StadtBremerhaven
91%
Größter FußballklubWerder Bremen
91%
Die Bremer StadtmusikantenHahn
90%
Benachbartes BundeslandNiedersachsen
90%
Esel
87%
Hund
86%
Katze
86%
FlussWeser
86%
Mittelalterlicher Städtebund, dem Bremen angehörteHanse
66%
Neben Hamburg und Bremen hatte das Deutsche Reich bis 1937 noch einen dritten Stadtstaat
Nenne diesen
Lübeck
33%
Statue eines karolingischen Heerführers auf dem MarktplatzRoland
32%
Beliebte Grützwürste der Bremer KüchePinkel | Knipp
30%
Gericht aus Kartoffeln, Roter Bete und RindfleischLabskaus
28%
Viertel im Süden der AltstadtSchnoor
22%
OberbürgermeisterAndreas Bovenschulte
18%
Dieser Bremer war der fünfte Bundespräsident
1979-1984
Karl Carstens
16%
Gewaltiger U-Boot-Bunker aus dem Zweiten Weltkrieg in RekumValentin
12%
Bremer DomSt. Petri
10%
Bedeutung von dessen NamenFlussinsel
9%
Römischer Feldherr, welcher im Jahre 16 über Bremen gegen die Cherusker ins Feld zogGermanicus
4%

Verteilung der Resultate

Perzentil nach korrekt beantworteten Fragen

Anzahl Personen mit jedem Resultat

Ihre Resultats-Entwicklung

Sie haben dieses Quiz noch nicht gespielt